000 01411cam a22003737a 4500
001 16243373
003 OSt
005 20150408114018.0
008 100520s2010 enka b 001 0 eng d
010 _a 2010459140
015 _aGBA9A9304
_2bnb
020 _a9781847551771 (hbk.)
020 _a1847551777 (hbk.)
035 _a(OCoLC)ocn526616318
040 _aEQO
_cEQO
_dCDX
_dNUI
_dBWX
_dAGL
_dDLC
042 _alccopycat
050 0 0 _aQH545.O74
_bO72 2010
070 0 _aQH545.O74
_bO74 2010
082 0 4 _a577.278
_222
245 0 0 _aOrganometallics in environment and toxicology /
_cedited by Astrid Sigel, Helmut Sigel, and Roland K.O. Sigel.
260 _aCambridge, UK :
_bRSC Publishing,
_cc2010.
300 _axxix, 575 p. :
_bill. (some col.) ;
_c24 cm.
490 1 _aMetal ions in life sciences,
_x1559-0836 ;
_vv. 7
504 _aIncludes bibliographical references and index.
650 0 _aOrganometallic compounds
_xEnvironmental aspects.
_911901
650 0 _aOrganometallic compounds
_xToxicology.
_911902
700 1 _aSigel, Astrid.
_911878
700 1 _aSigel, Helmut.
_911879
700 1 _aSigel, Roland K. O.
_911880
710 2 _aRoyal Society of Chemistry (Great Britain)
_910425
830 0 _aMetal ions in life sciences ;
_vv. 7.
_911903
942 _2ddc
_cBOOK
999 _c21826
_d256326